| 000 | 00622nam a2200217 i 4500 | ||
|---|---|---|---|
| 001 | 62321 | ||
| 003 | ES-MaACL | ||
| 005 | 20250822032659.0 | ||
| 007 | t| | ||
| 008 | 031119s1987 sp |||| | spa d | ||
| 020 | _a84-7683-028-9 | ||
| 080 | _a159.9 | ||
| 100 | 1 |
_aFernández, Luis, _d1938- _9162217 |
|
| 245 | 1 | 3 |
_aLa psicología humanística y sus aplicaciones / _cLuis Fernández. |
| 260 |
_aMadrid : _bEdiciones Libertarias, _c1987. |
||
| 300 |
_a332 p. ; _c20 cm. |
||
| 500 | _aÍndice. | ||
| 650 | 0 | 7 |
_aPsicología humanística _2embne _916567 |
| 852 |
_aES-MaACL _jL-12330 |
||
| 999 |
_c62321 _d62321 |
||